Fundamentals of Data Structures (Record no. 5158)

MARC details
000 -LEADER
fixed length control field 00406nam a2200157Ia 4500
003 - CONTROL NUMBER IDENTIFIER
control field SGT
082 ## - DEWEY DECIMAL CLASSIFICATION NUMBER
Classification number 5.73
Item number HOR
100 ## - MAIN ENTRY--PERSONAL NAME
Personal name Horowitz,Ellis
245 ## - TITLE STATEMENT
Title Fundamentals of Data Structures
260 ## - PUBLICATION, DISTRIBUTION, ETC. (IMPRINT)
Name of publisher, distributor, etc Galgotia Publications Pvt. Ltd.
Place of publication, distribution, etc N.Delhi
Year of Publication 1976
300 ## - PAGE DESCRIPTION
No. of Pages 564p.
650 ## - SUBJECT ADDED ENTRY--TOPICAL TERM
Topical term or geographic name as entry element COMPUTER SCIENCE
653 ## - KEYWORDS--INDEX TERM
Keyword term ARRAYS, STACKS AND QUEUES, LINKED LISTS
700 ## - ADDED ENTRY--PERSONAL NAME
Personal name Sahni,Sartaj
942 ## - ADDED ENTRY ELEMENTS (KOHA)
Source of classification or shelving scheme Dewey Decimal Classification
Koha item type Books
942 ## - ADDED ENTRY ELEMENTS (KOHA)
-- 4
Holdings
Withdrawn status Lost status Source of classification or shelving scheme Damaged status Not for loan Home library Current library Date acquired SGTU Total Checkouts Full call number Accession No. (Barcode) Date last seen Bill Date Koha item type Date last borrowed Total Renewals
    Dewey Decimal Classification     SGT Engineering Library SGT Engineering Library 24/06/2011 SGTU   5.73 HOR FE2967 09/02/2015 09/02/2015 Books    
    Dewey Decimal Classification     SGT Engineering Library SGT Engineering Library 24/06/2011 SGTU 3 5.73 HOR FE2968 26/09/2019 09/02/2015 Books 05/09/2019  
    Dewey Decimal Classification     SGT Engineering Library SGT Engineering Library 24/06/2011 SGTU   5.73 HOR FE2969 09/02/2015 09/02/2015 Books    
    Dewey Decimal Classification     SGT Engineering Library SGT Engineering Library 24/06/2011 SGTU 6 5.73 HOR FE2970 16/05/2022 09/02/2015 Books 29/04/2022 1
    Dewey Decimal Classification     SGT Engineering Library SGT Engineering Library 24/06/2011 SGTU   5.73 HOR FE2971 09/02/2015 09/02/2015 Books    
Withdrawn   Dewey Decimal Classification     SGT Engineering Library SGT Engineering Library 24/06/2011 SGTU   5.73 HOR FE2972 09/02/2015 09/02/2015 Books    
    Dewey Decimal Classification     SGT Engineering Library SGT Engineering Library 24/06/2011 SGTU 3 5.73 HOR FE3177 21/03/2022 09/02/2015 Books 03/03/2022 1
    Dewey Decimal Classification     SGT Engineering Library SGT Engineering Library 24/06/2011 SGTU 1 5.73 HOR FE3178 11/02/2022 09/02/2015 Books 09/02/2022  
    Dewey Decimal Classification     SGT Engineering Library SGT Engineering Library 24/06/2011 SGTU 1 5.73 HOR FE3179 11/12/2018 09/02/2015 Books 08/08/2018  
    Dewey Decimal Classification     SGT Engineering Library SGT Engineering Library 24/06/2011 SGTU   5.73 HOR FE3180 09/02/2015 09/02/2015 Books    
    Dewey Decimal Classification     SGT Engineering Library SGT Engineering Library 24/06/2011 SGTU   5.73 HOR FE3181 09/02/2015 09/02/2015 Books